000 00748nam a2200265Ia 4500
003 OSt
005 20220918171203.0
006 a|||||r|||| 00| 0
007 ta
008 220917b |||||||| |||| 00| 0 eng d
020 _a9781405170055 (pbk)
_c3224.21
024 _a244,603
037 _b103, 03/01/2011, Mallika Books
_cTextual
040 _aARTS
_cARTS
_beng
041 _2eng
_aeng
082 _aS38, Q0
100 _aErber Joan T.
_934649
245 0 _aAging and older adulthood
250 _a2nd
260 _aWest Sussax
_b John Wiley & Sons UK
_c2010
300 _axxxi,466p.
_ccm.
650 _aPSYCHOLOGY
942 _hS38, Q0
_cTEXL
_2CC
999 _c138235
_d138235